| 000 | 00938nam a22002531 4500 | ||
|---|---|---|---|
| 999 |
_c22730 _d22730 |
||
| 001 | 10343225 | ||
| 003 | BDDh-ASL | ||
| 005 | 20231015030144.0 | ||
| 008 | 740703s19691964ii b b 000 0 eng | ||
| 010 | _asa 66005822 | ||
| 035 | _a(OCoLC)936317 | ||
| 040 |
_aDLC _cOTU _dOCoLC _dDLC _dBDDh-ASL |
||
| 050 | 0 | 0 |
_aDS436 _b.A36 1964 |
| 082 |
_a954 _bALC |
||
| 100 | 1 |
_aAllan, John, _d1884-1955. |
|
| 245 | 1 | 4 |
_aThe Cambridge shorter history of India / _cby J. Allan, Sir T. Wolseley Haig [and] H.H. Dodwell. Edited by H.H. Dodwell. With additional chapters on The last phase, 1919-1947 by R.R. Sethi. |
| 260 |
_aDelhi : _bS. Chand, _c1964. _c1969. |
||
| 300 |
_a772 p., xxviii, 1164 p. : _c23 cm., 20 cm. |
||
| 651 | 0 |
_aIndia _xHistory. |
|
| 700 | 1 |
_aHaig, Wolseley, _cSir, _d1865-1938, _ejoint author. |
|
| 700 | 1 |
_aDodwell, Henry, _d1879-1946, _ejoint author. |
|
| 906 |
_a0 _bcbc _cpremunv _du _encip _f19 _gy-gencatlg |
||
| 942 |
_2ddc _cBK |
||